000 01022nam a22002537a 4500
003 OSt
005 20260228114006.0
008 260209b |||||||| |||| 00| 0 eng d
040 _c0
082 _aDPer 370.15 J826 May-August 2024 v. 116 n. 4-6
100 _aAcar, Selcuk
_eauthor.
_969584
245 _aMeasuring Original Thinking in Elementary School /
_cSelcuk Acar, Denis Dumas, Peter Organisciak, and Kelly Berthiaume.
260 _aWashington, DC ;
_bAmerican Psychological Association ,
_cAugust 2024.
300 _aVolume 116, pages 953-981 :
_billustration ;
_c28 cm.
500 _aJournal of Educational Psychology, vol. 116, no. 6, pages 953-981, May-August 2024.
650 0 _aAcademic Achievement
_9671
650 0 _aComputational learning theory.
_968059
650 0 _aCreative thinking.
_946298
700 _aAcar, Selcuk
_eauthor.
_969584
700 _aDumas, Denis
_eauthor.
_969585
700 _aOrganisciak, Peter
_eauthor.
_969586
700 _aBerthiaume, Kelly
_eauthor.
_969587
942 _2ddc
_cPER
999 _c24277
_d24277